| 000 | 01694 a2200253 4500 | ||
|---|---|---|---|
| 001 | 53121 | ||
| 005 | 20260407155805.0 | ||
| 008 | 260407a1996 arg spa d | ||
| 003 | AR-UNSa-BCEJYS | ||
| 040 |
_aAR-UNSa-BCEJYS _bspa _cAR-UNSa-BCEJYS |
||
| 080 |
_a330.8 _xHistoria de las teorías, Doctrinas, Dogmas económicos (pensamiento económico) |
||
| 245 | 1 | 0 |
_aContra Keynes y Cambridge _pensayos, correspondencia |
| 020 | _a84-7209-308-5 | ||
| 264 | 1 |
_aMadrid : _bUnion Editorial _c1996 |
|
| 300 |
_axviii, 297 p. _c25 cm. |
||
| 505 | _aPrimera parte: Hayek en la London school of economics and political science - 1. La economía de los años treinta vista desde Londres - 2. La "paradoja" del ahorro - Segunda parte: Polémicas de Hayek con Keynes y Sraffa - 3. Reflexiones sobre la teoría pura del dinero del señor J.M.Keynes - 4. La teoría pura del dinero al Dr. Hayek,por J.M.Keynes - 5. Réplica al señor Keynes - 6. Reflexiones sobre la teoría pura del dinero de J.M.Keynes (continuación) - 7. Las ideas de Hayek sobre el dinero y el capital,por Piero Sraffa - 8. Dinero y capital:una réplica - 9. Contrarréplica,por Piero Sraffa - Tercer parte: Ensayos sobre Keynes - 10. Recensión de Life of J.M.Keynes,de Harrod - 11. ¿Por qué un simposio sobre Keynes? 12. Recuerdos personales de Keynes y de la "Revolución keynesiana" - 13. El centenario de Keynes:la crítica austriaca | ||
| 041 | _aspa | ||
| 942 | _cBK | ||
| 590 | _aniveau_biblio:m niveau_hierar:0 | ||
| 100 | 1 | _aHayek, Friedrich A. | |
| 700 | 1 | _aCaldwell, Bruce | |
| 700 | 1 | _aHuerta de Soto, Jesús | |
| 856 | 4 | 1 |
_uhttps://biblioeco.unsa.edu.ar/pmb/images/libros/L128526.jpg _yImagen de portada _qimage/jpeg |
| 999 |
_c5103 _d5103 |
||